000 00252nam a22001217a 4500
008 170809b xxu||||| |||| 00| 0 eng d
041 _aeng
080 _a004
100 _a35
101 _aSHKI
245 _aINFORMATIK
_cSCHARF, J.H
942 _2udc
_cBK
999 _c23002
_d23002